| 000 | 00474nam a2200157 i 4500 | ||
|---|---|---|---|
| 001 | 89543 | ||
| 003 | ES-MaACL | ||
| 005 | 20230906180221.0 | ||
| 007 | t| | ||
| 008 | 050111s1904 fr ||||1| fre d | ||
| 100 | 1 |
_aLa Sizeranne, Robert de. _969181 |
|
| 245 | 1 | 3 |
_aLes questions esthétiques contemporaines / _cpar Robert de La Sizeranne. |
| 260 |
_a[S.l. : _bs.n., _c1904] ( _eCouloummiers : _fPaul Brodard) |
||
| 300 |
_aLV, 274 p. ; _c19 cm. |
||
| 852 |
_aES-MaACL _jF-7916 |
||
| 999 |
_c89543 _d89543 |
||